00877nam a2200145Ia 4500008004100000020001800041082002800059110003600087245010900123250001100232260003900243300001700282505026000299650017200559120622s9999 xx 000 0 und d a970-676-661-8 a343.7205242 M611fn 2005 aMéxico. Leyes, decretos, etc. aFisco nóminas / títulos en los artículos, referencias y correlaciones por Efrain Lechuga Santillan a25a ed aMéxico : Ediciones Fiscales ISEF apag. varía aContenido: Ley de seguridad social. - ley del instituto del fondo nacional de vivienda para los trabajadores. -- Ley de los sistemas de ahorro para el retiro. -- Reglamento de la Ley de los sistemas de ahorro para el retiro. -- Reglamento interior de la a1. IMPUESTOS DE SEGURIDAD SOCIAL - LEGISLACION - MEXICO \ 2. SEGURIDAD SOCIAL - LEGISLACION - MEXICO \ 3. IMPUESTOS - LEGISLACION - MEXICO \ 4. MEXICO - LEGISLACIONÌ